| Tag |
First Indicator |
Second Indicator |
Subfields |
| LEADER |
00000cim a2200000Ia 4500 |
| 001 |
in00002575102 |
| 005 |
20151201153135.0 |
| 007 |
sd fungnnmmneu |
| 008 |
100607s2010 nyunnnn f n eng d |
| 020 |
|
|
|a 9781449839390
|
| 020 |
|
|
|a 1449839398
|
| 024 |
3 |
|
|a 9781449839390
|d 53499
|
| 035 |
|
|
|a (OCoLC)ocn639007269
|
| 035 |
|
|
|a (OCoLC)639007269
|
| 040 |
|
|
|a LPU
|c LPU
|d TEF
|d UtOrBLW
|
| 043 |
|
|
|a e-uk-en
|
| 049 |
|
|
|a TXAM
|
| 050 |
|
4 |
|a PR6063.C326
|b C67 2010
|
| 082 |
0 |
4 |
|a 823/.914
|2 22
|
| 100 |
1 |
|
|a McCall Smith, Alexander,
|d 1948-
|
| 245 |
1 |
0 |
|a Corduroy mansions /
|c Alexander McCall Smith.
|
| 264 |
|
1 |
|a New York :
|b Recorded Books,
|c [2010]
|
| 264 |
|
4 |
|c ℗2010
|
| 300 |
|
|
|a 9 sound discs (11.75 hr.) :
|b digital ;
|c 4 3/4 in.
|
| 336 |
|
|
|a spoken word
|b spw
|2 rdacontent
|
| 337 |
|
|
|a audio
|b s
|2 rdamedia
|
| 338 |
|
|
|a audio disc
|b sd
|2 rdacarrier
|
| 511 |
0 |
|
|a Narrated by Simon Prebble.
|
| 508 |
|
|
|a Directed by Chris Thiese.
|
| 500 |
|
|
|a Unabridged.
|
| 500 |
|
|
|a Compact discs.
|
| 520 |
|
|
|a In London's Pimlico neighborhood lies a tenement described in architectural guides as "a building of no interest whatsoever." But the residents of Corduroy Mansions--including a literary agent, a wine merchant, a thoroughly unpleasant member of Parliament, and a vegetarian dog--are a rather fascinating lot.
|
| 500 |
|
|
|a Sound recording.
|
| 651 |
|
0 |
|a Pimlico (London, England)
|v Fiction.
|
| 650 |
|
0 |
|a Tenement houses
|z Pimlico (London, England)
|
| 655 |
|
7 |
|a Audiobooks.
|2 lcgft
|
| 700 |
1 |
|
|a Prebble, Simon,
|e narrator.
|
| 710 |
2 |
|
|a Recorded Books, LLC.
|
| 948 |
|
|
|a cataloged
|b h
|c 2010/8/31
|d c
|e ceaton
|f 12:59:43 pm
|
| 994 |
|
|
|a C0
|b TXA
|
| 999 |
|
|
|a MARS
|
| 999 |
f |
f |
|s 2cfbab18-bb3f-36f0-aa61-a8e0c9d6ae85
|i 45c94ca9-68e8-342c-943e-65f1cdd8fbb0
|t 0
|
| 952 |
f |
f |
|p normal
|a Texas A&M University
|b College Station
|c Sterling C. Evans Library
|d Evans: Library Stacks
|t 0
|e PR6063.C326 C67 2010
|h Library of Congress classification
|i audio -- audio disc
|m A14839256677
|
| 998 |
f |
f |
|a PR6063.C326 C67 2010
|t 0
|l Evans: Library Stacks
|